Quick Pick: Non-Fixed Holiday Dates Quiz Stats

 Plays Quiz Updated Jun 16, 2016

Challenge
Share
Tweet
Embed
Score 0/6 Timer 00:30
0 Plays Today
% Correct
Thanksgiving Day
93.8%
Labor Day
86.2%
Memorial Day
83.8%
Columbus Day
81.2%
Martin Luther King, Jr. Day
80.7%
Washington's Birthday
72.7%

Today's Daily Dose

You're not logged in!

Compare scores with friends on all Sporcle quizzes.
OR
Log In

You Might Also Like...

Show Comments

Extras

Top Quizzes Today


Score Distribution

Your Account Isn't Verified!

In order to create a playlist on Sporcle, you need to verify the email address you used during registration. Go to your Sporcle Settings to finish the process.

Report this User

Report this user for behavior that violates our Community Guidelines.

Details: